|
|
|
|
| LEADER |
00000nab a2200000 a 4500 |
| 001 |
vtls000659551 |
| 003 |
SK-MaSNL |
| 005 |
20260304024440.0 |
| 008 |
180530c1998 xo 0 slo |
| 015 |
|
|
|a SNBRB1998/03-07604
|
| 035 |
|
|
|a CLN000011743
|
| 040 |
|
|
|a SNKBUCL
|b slo
|c SNKBUCL
|e AACR2
|
| 041 |
0 |
|
|a slo
|
| 044 |
|
|
|a xo
|c SK
|
| 080 |
|
|
|a 940.53(=924):282
|2 UDC-MRF-SK2
|
| 080 |
|
|
|a 282
|2 UDC-MRF-SK2
|
| 100 |
1 |
|
|a Kittler, Juraj,
|d 1965-
|4 aut
|9 104630
|
| 245 |
1 |
0 |
|a Vyhlásenie Vatikánu k holokaustu je nutné vnímať iba ako začiatok nastúpenej cesty
|c Juraj Kittler
|
| 610 |
2 |
7 |
|a Katolícka cirkev.
|b Pápež (1978-2005 : Ján Pavol II.)
|2 snkbucl
|9 114944
|
| 650 |
0 |
7 |
|a holokaust (1939-1945)
|2 snkbucl
|9 160313
|
| 650 |
0 |
7 |
|a židovská otázka
|2 snkbucl
|9 73393
|
| 655 |
|
7 |
|a články z novín a časopisov
|2 snkbucl
|9 267496
|
| 773 |
0 |
|
|t Sme
|g Roč. 6 a 51, č. 64 (18.3.1998), s. 11
|
| 850 |
|
|
|a Slovenská národná knižnica v Martine
|
| 852 |
|
|
|a SNK
|b KIS3GCP
|
| 958 |
|
|
|a OS
|
| 999 |
|
|
|c 2621913
|d 2623843
|